|
|
|
|
| LEADER |
00000nab a2200000uu 4500 |
| 001 |
vtls011465059 |
| 003 |
SK-MaSNL |
| 005 |
20260303154705.0 |
| 008 |
230222|1962 xo |||||||||||||||||cze| |
| 015 |
|
|
|a SNBRB
|
| 035 |
|
|
|a (urnnbn)urn:nbn:sk:snk:ar-a0awma
|
| 035 |
|
|
|a (uuid)c5eecdc6-7b92-40fe-9894-a1da01684e21
|
| 035 |
|
|
|a urn:nbn:sk:snk-abcxwq
|
| 040 |
|
|
|a SNKBUCL
|b slo
|c SNKBUCL
|e AACR2
|
| 041 |
0 |
|
|a cze
|
| 044 |
|
|
|a xo
|c SK
|
| 100 |
1 |
|
|a Machovič, M.
|4 aut
|9 1177615
|
| 245 |
1 |
0 |
|a Čištění odpadních vod v textilním průmyslu
|c M. Machovič
|
| 773 |
0 |
|
|t Technická práca : časopis Ústřední rady Čs. vědecko-technické společnosti
|g Roč. 14, č. 2 (1962), s. 111-115
|
| 958 |
|
|
|a OND
|
| 958 |
|
|
|a EUIPO
|
| 958 |
|
|
|a article16
|
| 999 |
|
|
|c 2035864
|d 2037794
|